Facultad de Derecho – Universidad Nacional de Mar del Plata

Documentos para la Paz (Record no. 2701)

MARC details
000 -CABECERA
campo de control de longitud fija 00499nam a22001337a 4500
080 ## - NUMERO DE CLASIFICACION DECIMAL UNIVERSAL (CDU)
Número de la Clasificación Decimal Universal 341.123 N 68
110 ## - ASIENTO PRINCIPAL--NOMBRE CORPORATIVO
Nombre corporativo o de jurisdicción como elemento de entrada Naciones Unidas
245 ## - MENCION DE TITULO
Título propiamente dicho Documentos para la Paz
Parte restante del título extractos de los escritos y discursos de U Thant. Secretario General de las Naciones Unidas sobre asuntos de importancia mundial 1961-1968
260 ## - PUBLICACION, DISTRIBUCION, ETC. (PIE DE IMPRENTA)
Lugar de publicación, distribución, etc. Nueva York
Nombre del editor, distribuidor, etc. Naciones Unidas
Fecha de publicación, distribución, etc. S.F
300 ## - DESCRIPCION FISICA
Extensión 125 p.
650 ## - ASIENTO SECUNDARIO DE MATERIA - TERMINO TEMATICO
Subdivisión general naciones unidas
-- paz
-- viet-nam
-- checoslovaquia
-- conflictos armados
945 ## - INFORMACION DE PROCESAMIENTO LOCAL
Responsable de carga/modificación Sabrina Cecilia Abram
AAAA-MM-DD - Fecha de ingreso/modificación 2014-11-14
942 ## - ELEMENTOS AGREGADOS (KOHA)
Clasificación normalizada de Koha para alfabetizar _
Holdings
Retirado Perdido Dañado No se presta Ubicación permanente Locación actual Estante o sala Fecha de adquisición Fuente de adquisición Total préstamos Signatura topográfica Inventario Ultima fecha vista Fecha del precio Tipo de item de Koha
        Bib. Derecho Bib. Derecho Sala de Lectura 14/11/2014 Biblioteca Central   341.123 N 68 39701 14/11/2014 14/11/2014 LIBRO

XHTML | CSS | ©Biblioteca Central - Dto. Tecnología de la Información - [ Con tecnología Koha ]